000 00765nam a2200229Ia 4500
005 20250508164657.0
008 008 250505s9999 xx 000 0 eng d
020 _a81-87524-84-7
037 _aTextual
040 _aFEDL
_beng
_cFEDL
041 _aeng
_2eng
084 _a372.65, VER
_qFEDL
100 _aVerplaetse Lorrie Stoops Ed.
_9457714
245 0 _aInclusive pedagogy for english langage learners : A handbook of research-informed practices
260 _aNew York, USA
_bLawrence Erlbaum Associates
_c2008
300 _axiv,365p.
365 _aGBP
_b27.99
650 _aElementary education - English language teaching
_9778841
700 _a Migliacci Naomi Ed.
_9778842
942 _cTEXL
_h372.65, VER
999 _c1390494
_d1390494